000 01067pam a2200301 a 4500
001 2596805
003 OSt
005 20160505134830.0
008 970319s1998 maua b 001 0 eng
010 _a 97010511
020 _a0697219100
040 _aDLC
_cDLC
_dDLC
050 0 0 _aQK566
_b.S97 1998
082 0 0 _a579.8
_221
_bSZE 1998
100 1 _aSze, Philip,
_98475
245 1 2 _aA biology of the algae /
_cPhilip Sze.
250 _a3rd ed.
260 _aBoston, Mass. :
_bMcGraw-Hill,
_c1998.
300 _aviii, 278 p. :
_bcol.illl ;
_c26 cm.
504 _aIncludes bibliographical references (p. 261-270) and index.
650 0 _aAlgae.
_98476
650 0 _aAlgology.
_98477
856 4 2 _3Publisher description
_uhttp://www.loc.gov/catdir/description/mh022/97010511.html
856 4 1 _3Table of contents
_uhttp://www.loc.gov/catdir/toc/mh023/97010511.html
906 _a7
_bcbc
_corignew
_d1
_eocip
_f19
_gy-gencatlg
942 _2ddc
_cSLOAN
999 _c3866
_d3866